000 00510nam a22001697a 4500
020 _a9788178844138
082 _a828.993 509 2
_bLAW/A
100 _aLawrence D'Souza
_960392
245 _aAutobiography in Indian writing in english/
_cby Lawrence D'Souza
260 _aNewdelhi:
_bCyber,
_c2009.
300 _a264p.
650 _aAutobiography Literary Writers
_960393
650 _aAutobiography Indian Writers
_960394
650 _aLiterature English
_960395
650 _aLiterature
_960396
942 _cBK
999 _c139345
_d139345